000 00344nam a2200133Ia 4500
008 151001s9999||||xx |||||||||||||| ||und||
100 _aमोनिका गजेंद्रगडकर
245 _aआत
250 _a1
260 _bपुणे प्रकाशन
260 _c2008
300 _a169
365 _b21
999 _c990774
_d990771